Sports Quiz

Random Sports Quiz

NASCAR 2015 Race #29 Results Quiz Stats

 Plays Quiz not verified by Sporcle

Support Sporcle.
Go Orange.
Score 0/43 Timer 10:00
0 Plays Today
Position Driver % Correct
1Kevin Harvick
100%
2Kyle Busch
100%
3Dale Earnhardt, Jr.
100%
6Kasey Kahne
100%
7Matt Kenseth
100%
8Ricky Stenhouse, Jr.
100%
10Joey Logano
100%
11Martin Truex, Jr.
100%
12Jeff Gordon
100%
16Brad Keselowski
100%
17Kurt Busch
100%
4Jamie McMurray
96%
13Greg Biffle
96%
15Carl Edwards
96%
21Danica Patrick
96%
23Austin Dillon
96%
26Tony Stewart
96%
18Denny Hamlin
96%
9Kyle Larson
92%
24Casey Mears
92%
25Paul Menard
92%
19Ryan Newman
92%
Position Driver % Correct
5Aric Almirola
88%
14Clint Bowyer
88%
29AJ Allmendinger
88%
41Jimmie Johnson
88%
22David Ragan
84%
31Trevor Bayne
84%
20Sam Hornish, Jr.
84%
27Justin Allgaier
76%
30David Gilliland
76%
32Alex Bowman
76%
37Michael Annett
76%
28Cole Whitt
72%
35JJ Yeley
72%
36Josh Wise
72%
43Jeb Burton
72%
34Matt DiBenedetto
68%
40Landon Cassill
68%
42Brett Moffitt
68%
33Reed Sorenson
56%
39Timmy Hill
56%
38Alex Kennedy
48%

You're not logged in!

Compare scores with friends on all Sporcle quizzes.
OR
Log In

From the Vault

Movies by Opening Narration V

by ddd62291

No matter what the movie, we're reading all these narrations in our best Morgan Freeman voice..."There once was a silly old bear..."
Remove Ads.
Support Sporcle.
Get the best of Sporcle when you Go Orange. This ad-free experience offers more features, more stats, and more fun while also helping to support Sporcle. Thank you for becoming a member.

Show Comments

Extras

Created Jan 22, 2016ReportNominate
Tags:2015, 400, AAA, car, Driver, NASCAR, race, result, sponsor

Top Quizzes Today


Score Distribution

Your Account Isn't Verified!

In order to create a playlist on Sporcle, you need to verify the email address you used during registration. Go to your Sporcle Settings to finish the process.

Report this User

Report this user for behavior that violates our Community Guidelines.

Details: